书目信息 |
| 题名: |
保险学
|
|
| 作者: | 杨艳华 主编 | |
| 分册: | ||
| 出版信息: | 厦门 厦门大学出版社 2020.01 |
|
| 页数: | 321页 | |
| 开本: | 26cm | |
| 丛书名: | 应用型本科金融学十二五规划系列教材 | |
| 单 册: | ||
| 中图分类: | F840 | |
| 科图分类: | ||
| 主题词: | 保险学--bao xian xue--高等学校--教材 | |
| 电子资源: | ||
| ISBN: | 978-7-5615-6040-2 | |
| 000 | 01053nam 2200277 450 | |
| 001 | CAL 0120202965408 | |
| 005 | 20200323134918. | |
| 010 | @a978-7-5615-6040-2@dCNY48.00 | |
| 100 | @a20200322d2020 em y0chiy0120 ea | |
| 101 | 0 | @achi |
| 102 | @aCN@b350000 | |
| 105 | @ay a 000yy | |
| 106 | @ar | |
| 200 | 1 | @a保险学@Abao xian xue@f杨艳华主编 |
| 205 | @a第2版 | |
| 210 | @a厦门@c厦门大学出版社@d2020.01 | |
| 215 | @a321页@d26cm | |
| 225 | 2 | @a应用型本科金融学十二五规划系列教材@Aying yong xing ben ke jin rong xue shi er wu gui hua xi lie jiao cai |
| 320 | @a有书目 (第321页) | |
| 330 | @a本书主要介绍风险与风险管理的基本知识、保险的基础知识、保险合同的内容、保险的基本原则、财产保险、人身保险、责任保险、信用保证保险、保险公司业务经营与管理、保险市场、保险监管、保险规划与购买决策等内容。 | |
| 410 | 0 | @12001 @a应用型本科金融学十二五规划系列教材 |
| 606 | 0 | @a保险学@Abao xian xue@x高等学校@j教材 |
| 690 | @aF840@v5 | |
| 701 | 0 | @a杨艳华@Ayang yan hua@4主编 |
| 801 | 0 | @aCN@b人天书店@c20200322 |
| 905 | @aTSG@b0000764@dF840@eY312@f2 | |
| 保险学/杨艳华主编.-第2版.-厦门:厦门大学出版社,2020.01 |
| 321页;26cm.-(应用型本科金融学十二五规划系列教材) |
| ISBN 978-7-5615-6040-2:CNY48.00 |
| 本书主要介绍风险与风险管理的基本知识、保险的基础知识、保险合同的内容、保险的基本原则、财产保险、人身保险、责任保险、信用保证保险、保险公司业务经营与管理、保险市场、保险监管、保险规划与购买决策等内容。 |
| ● |
| 相关链接 |
|
|
|
正题名:保险学
索取号:F840/Y312
 
预约/预借
| 序号 | 登录号 | 条形码 | 馆藏地/架位号 | 状态 | 备注 |
| 1 | 1536532 | 215365325 | 社科库409/409社科库 55排1列5层/ [索取号:F840/Y312] | 在馆 | |
| 2 | 1536533 | 215365334 | 社科库409/409社科库 55排1列5层/ [索取号:F840/Y312] | 在馆 |